000
00343nam a22001577a 4500
003
SGT
020
_a
9789332585348
082
_a
005.1 TAN
100
_a
TANEJA ,SHEETAL
245
_a
PYTHON PROGRAMMING A MODULAR APPROACH
250
_a
4TH
260
_a
UP
_b
PEARSON
_c
2019
300
_a
582
650
_a
COMPUTER
942
_2
ddc
_c
BK
_0
80
999
_c
18285
_d
18285